[Event "Santiago Endesa 03"]
[Site "Santiago de Chile"]
[Date "2010.05.12"]
[Round "5"]
[White "Garcia Pacheco, Mikel"]
[Black "Carrasco Fernandez, Daniel1111"]
[Result "1-0"]
[WhiteElo "1866"]
[BlackElo "1792"]
[PlyCount "58"]
[EventDate "2010.05.03"]
[EventType "tourn"]
[EventRounds "11"]
[EventCountry "CHI"]
[SourceTitle "EXT 2012"]
[Source "ChessBase"]
[SourceDate "2011.11.24"]
[SourceVersion "1"]
[SourceVersionDate "2011.11.24"]
[SourceQuality "1"]

1. d4 Nf6 2. c4 g6 3. Nc3 Bg7 4. e4 d6 5. Bg5 0-0 6. h3 e5 7. dxe5 dxe5 8. Qxd8 Rxd8 9. Nd5 Nbd7 10. 0-0-0 Rf8 11. Nxc7 Nxe4 12. Be3 Rb8 13. Bxa7 Bh6+ 14. Kb1 Ndc5 15. Bxc5 Nxc5 16. g4 Ne4 17. Rh2 b5 18. f3 Bf4 19. Rc2 Ng3 20. Nxb5 Nxf1 21. Rxf1 f5 22. Ne2 Bh6 23. Nd6 e4 24. Nxc8 Rfxc8 25. fxe4 fxe4 26. Re1 Rd8 27. Nc3 e3 28. Nd5 Rf8 29. Nxe3 Rbd8 1-0

[Event "Santiago Endesa 03"]
[Site "Santiago de Chile"]
[Date "2010.05.03"]
[Round "1"]
[White "Garcia Pacheco, Mikel"]
[Black "Moyano, Helios"]
[Result "0-1"]
[WhiteElo "1866"]
[BlackElo "1951"]
[PlyCount "48"]
[EventDate "2010.05.03"]
[EventType "tourn"]
[EventRounds "11"]
[EventCountry "CHI"]
[SourceTitle "EXT 2012"]
[Source "ChessBase"]
[SourceDate "2011.11.24"]
[SourceVersion "1"]
[SourceVersionDate "2011.11.24"]
[SourceQuality "1"]

1. e4 c6 2. Nc3 d5 3. Nf3 Bg4 4. h3 Bxf3 5. Qxf3 Nf6 6. exd5 cxd5 7. d4 e6 8. Bg5 Be7 9. Be2 Nc6 10. Rd1 Qb6 11. Qe3 0-0 12. 0-0 Rac8 13. Na4 Qb4 14. Qb3 Nxd4 15. Rxd4 Qxd4 16. Be3 Qb4 17. Qxb4 Bxb4 18. c3 Be7 19. Bd3 Nd7 20. b3 Nc5 21. Nxc5 Bxc5 22. Bf4 Rfd8 23. b4 Bd6 24. Be3 Rxc3 0-1